000
00262nam a2200109Ia 4500
008
201223s9999 xx 000 0 und d
100
_a
Malayala Manorama
245
0
_a
Manorama Yearbook 1994
260
_a
Kottayam
_b
Malayala Manorama
300
_a
800
942
_c
BK
999
_c
8615
_d
8615